000 00494nam a2200181Ia 4500
999 _c33717
_d33717
003 OSt
005 20200903113314.0
008 190216s9999||||xx |||||||||||||| ||und||
020 _a9788120317383
040 _coclc
082 _a531
_bMON/C
100 _aMondal, C R
_94400
245 0 _aClassical Mechanics /
_cC R Mondal
260 _bPrentice Hall Of India,
_c2002.
_aNew Delhi:
300 _a158p
650 _aPhysics
942 _cBK
_2ddc
_h531
_iMON/C
_k531
_mMON/C